La mentira de Armstrong = The Armstrong Lie /

El décimo cuarto largometraje realizado por el documentalista neoyorkino Alex Gibney está protagonizado por el ex ciclista texano Lance Armstrong, quien tras haber sido diagnosticado y tratado de cáncer testicular (1996-98), estableció una plusmarca de siete victorias consecutivas en la Tour de Fran...

Celý popis

Uloženo v:
Podrobná bibliografie
Hlavní autor: Gibney, Alex (realización)
Další autoři: Gibney, Alex (guión) (guión), Alberti, Maryse (fotógrafo) (fotógrafo), Grieve, Andy (montaje) (montaje), Jankura, Lindy (montaje) (montaje), Squyres, Tim (montaje) (montaje), Kahne, David (música) (música), Gibney, Alex (comentarios) (comentarios)
Médium: Video
Jazyk:angličtina
Vydáno: Santa Mónica, EUA : Nueva York, EUA : EUA : Kennedy/Marshall Company ; Jigsaw Productions ; Matt Tolmach Productions, 2013
Témata:
Tagy: Přidat tag
Žádné tagy, Buďte první, kdo vytvoří štítek k tomuto záznamu!

MARC

LEADER 00000ngm^a2200000^a^4500
001 000365120
005 20250521000000.0
009 20260310115633.943
037 |a Acervo ITESO - Biblioteca 
041 |a ING 
082 |a 796. 62097309311  |b GIB 
100 |a Gibney, Alex  |e (realización) 
240 1 4 |a [La mentira de Armstrong] 
245 1 3 |a La mentira de Armstrong =  |b The Armstrong Lie /  |c Realización de A. Gibney. 
264 1 |a Santa Mónica, EUA :  |b Kennedy/Marshall Company ;  |a Nueva York, EUA :  |b Jigsaw Productions ;  |a EUA :  |b Matt Tolmach Productions,  |c 2013 
264 2 |a México :  |b Sony Pictures [distribución] :  |b Twentieth Century Fox [distribución],  |c 2014, c2014 
300 |a 1 DVD regiones 1 y 4 (124 min.) :  |b color 
336 |a imagen móvil bidimensional  |b tdi  |2 rdacontenido 
337 |a video  |b v  |2 rdamedio 
338 |a videodisco  |b vd  |2 rdasoporte 
520 |a El décimo cuarto largometraje realizado por el documentalista neoyorkino Alex Gibney está protagonizado por el ex ciclista texano Lance Armstrong, quien tras haber sido diagnosticado y tratado de cáncer testicular (1996-98), estableció una plusmarca de siete victorias consecutivas en la Tour de France (1999-2005), la carrera por etapas más prestigiosa de dicho deporte, de las que fue despojado al admitir públicamente el uso de sustancias dopantes para conseguirlo (2013). Gibson había preparado un documental sobre el regreso de Armstrong al deporte de alta competición, luego de cuatro años de retiro (2005-09), cuyo enfoque se modificó diametralmente después de que el propio Armstrong ofreciera su testimonio en el popular programa de la televisión norteamericana de la presentadora Oprah Winfrey el 14 de enero de 2013. Un letrero final informa que el Departamento de Justicia de Estados Unidos se sumó en 2013 a la demanda de Floyd Landis, antiguo coequipero de Armstrong, por estafa al Servicio Postal de Estados Unidos –cuya escuadra ambos representaban- y el ex ciclista texano ha sido vetado, de por vida, para competir en cualquier deporte regulado por la Agencia Mundial Antidopaje. El neoyrkino Gibney se había asomado anteriormente al mundo deportivo en Catching Hell [Atrapando el infierno] y The Last Gladiators [Los últimos gladiadores] (ambos de 2011), acerca del beisbol y el hockey sobre hielo. 
520 |a Suplementos y características especiales (en inglés, con subtítulos opcionales: español, coreano, inglés, mandarín, portugués, thai, a menos que sea anotada otra especificación): 1) Opción de reproducir la película acompañada de un comentario del director; 2) Rueda de prensa, tras la presentación del documental en el Festival de Toronto en septiembre de 2013, con Gibney, el productor Frank Marshall, el periodista especializado en ciclismo Bill Strickland, Jonathan Vaughters, ex coequipero de Armstrong, y Betsy Andreu, esposa del ex ciclista Frankie Andreu, bajo la moderación de Thom Powers, programador de documentales del Festival (40 min.); 3) Nueve escenas eliminadas del montaje final (44 min.) y 4) Avance cinematográfico exhibido en Estados Unidos (2 min. y medio; en inglés, con subtítulos opcionales: portugués). 
546 |a En inglés, con subtítulos opcionales: español, coreano, francés, inglés, mandarín, portugués, thai 
586 |a Premio Oscar, de la Academia Norteamericana de Cine (86°: 2013): Mejor Largometraje Documental (semifinalista) 
586 |a Premio BAFTA, de la Academia Británica de Cine y Televisión (67°: 2013): Mejor Documental (finalista) 
586 |a Premio Príncipe de Asturias de los Deportes 2000: Biografías, crítica e interpretación 
649 |a XX 
650 |a Ciclistas Norteamericanos -  |x Biografías 
650 |a Deportistas Profesionales Norteamericanos -  |x Biografías 
650 |a Deportistas Norteamericanos -  |x Biografías 
650 |a Documentales 
650 |a Cine Norteamericano -  |y 2010-2019 
650 |a Cine Norteamericano -  |y Siglo XXI 
650 |a Carreras de Bicicletas -  |z Francia -  |x Historia -  |y 1995-2007 -  |x Tema Principal 
650 |a Carreras de Bicicletas -  |z Francia -  |x Historia -  |y Siglo XXI 
650 |a Carreras de Bicicletas -  |x Historia -  |y 2000-2009 
650 |a Carreras de Bicicletas -  |x Historia -  |y Siglo XXI 
650 |a Ciclismo -  |z EUA -  |x Historia -  |y 2001-2009 
650 |a Ciclismo -  |z EUA -  |x Historia -  |y Siglo XXI 
650 |a Ciclismo -  |x Historia -  |y 2000-2009 
650 |a Ciclismo -  |x Historia -  |y Siglo XXI 
650 |a Dopaje -  |z EUA -  |x Historia -  |y 2001-2009 -  |x Tema Principal 
650 |a Dopaje -  |z EUA -  |x Historia -  |y Siglo XXI 
650 |a Dopaje -  |x Historia -  |y 2000-2009 
650 |a Dopaje -  |x Historia -  |y Siglo XXI 
650 |a Deportes Profesionales -  |z EUA -  |x Historia -  |y 2001-2009 
650 |a Deportes Profesionales -  |z EUA -  |x Historia -  |y Siglo XXI 
650 |a Deportes Profesionales -  |x Historia -  |y 2000-2009 
650 |a Deportes Profesionales -  |x Historia -  |y Siglo XXI 
650 |a Deportes -  |z EUA -  |x Historia -  |y 2001-2009 
650 |a Deportes -  |z EUA -  |x Historia -  |y Siglo XXI 
650 |a Deportes -  |x Historia -  |y 2000-2009 
650 |a Deportes -  |x Historia -  |y Siglo XXI 
650 |a Armstrong, Lance -  |x Tema Principal 
700 |a Gibney, Alex  |e (guión) 
700 |a Alberti, Maryse  |e (fotógrafo) 
700 |a Grieve, Andy  |e (montaje) 
700 |a Jankura, Lindy  |e (montaje) 
700 |a Squyres, Tim  |e (montaje) 
700 |a Kahne, David  |e (música) 
700 |a Gibney, Alex  |e (comentarios) 
910 |a Fondo General 
920 |a Audiovisuales - DVDs 
940 |a Películas 
905 |a 302 
901 |a 0500251337  |b IT2  |c DVS  |i C142150  |u 20250521 
902 |a https://opac.biblio.iteso.mx/vufind/Record/000365120